000 00796cam4a220021700 4500
001 tmp15402874
003 UPRA
005 20190815104818.0
008 950804s1946 enk eng u
035 _a(Sirsi) r78531
035 _a(UPRA)tmp15402874
040 _cUPRA
050 0 _aDA 332 Hac 1946
100 1 _aHackett, Francis, 1883-1962.
_dHackett, Francis, 1883-1962.
_6A38359.1
245 1 0 _aHenry the Eighth.
260 _aLondon :
_bReprint Society,
_c[1946]
500 _aFirst published 1929.
600 0 0 _aHenry VIII, King of England, 1491-1547.
_bHenry VIII, King of England, 1491-1547.
_cHenry VIII, King of England, 1491-1547.
_dHenry VIII, King of England, 1491-1547.
_6S29933.1
949 _aDA 332 Hac 1946
_wlcc
_c 1
_i33729000028295
_mMAIN
_p2500
_tBOOK
_lON-SHELF
004 78531
999 _c67063
_d67063